Aminokwasy - Statystyki

Ogólne statystyki
  • Ten quiz został rozwiązany 127 razy
  • Średni wynik to 15 z 20
Statystyki odpowiedzi
Hint Odpowiedź % Poprawnych
Ala Alanina
100%
Cys Cysteina
96%
Leu Leucyna
88%
Gln Glutamina
85%
Ser Seryna
85%
Gly Glicyna
83%
Lys Lizyna
83%
Met Metionina
83%
Trp Tryptofan
79%
Tyr Tyrozyna
79%
Val Walina
79%
Arg Arginina
75%
His Histydyna
69%
Ile Izoleucyna
69%
Phe Fenyloalanina
65%
Pro Prolina
65%
Asp Kwas asparaginowy
63%
Glu Kwas Glutaminowy
58%
Ans Asparagina
52%
Thr Treonina
52%
Nie znaleziono quizów pasujących do podanych kryteriów
Rozkład punktacji
Procent ludzi z każdym wynikiem
Percentyl według liczby udzielonych odpowiedzi
Twoja historia wyników
Nie rozwiązałeś tego quizu